Sound solutions (Record no. 103312)

MARC details
000 -LEADER
fixed length control field 01170cam a2200229 4500
001 - CONTROL NUMBER
control field ##L124931
008 - FIXED-LENGTH DATA ELEMENTS--GENERAL INFORMATION
fixed length control field 040128n2003 000 0 eng u
035 ## - SYSTEM CONTROL NUMBER
System control number (Sirsi) u124931
041 0# - LANGUAGE CODE
Language code of text/sound track or separate title eng
050 04 - LIBRARY OF CONGRESS CALL NUMBER
Classification number 692.2 $2 18
100 1# - MAIN ENTRY--PERSONAL NAME
Personal name Smith, Sean
245 00 - TITLE STATEMENT
Title Sound solutions
Remainder of title proposed robust standard details for the new Part E
260 ## - PUBLICATION, DISTRIBUTION, ETC.
Place of publication, distribution, etc. London
Name of publisher, distributor, etc. Housebuilder Publications
Date of publication, distribution, etc. 2003
300 ## - PHYSICAL DESCRIPTION
Extent 31p
Other physical details diagrams, tables
Dimensions 30cm
350 ## - PRICE (NR) (BK AM CF MU VM SE) [OBSOLETE]
Price 40
520 ## - SUMMARY, ETC.
Summary, etc. The final report of the Robust Standard Details (RSD) Project Steering Group contains colour isometric drawings for masonry, wood and steel floor and wall insulation, precise design and specification notes, and description and instructions on sitework requirements, drawn from comprehensive and vigorous field tests by 58 major housebuilders on new build sites where sound testing was carried out on 1,300 units. It also contains commentary on aspects of Part E of the Building Regulations and RSD from members of the Group.
650 24 - SUBJECT ADDED ENTRY--TOPICAL TERM
Topical term or geographic name entry element BUILDING REGULATIONS 2000 APPROVED DOCUMENT E (2003 EDITION)
690 ## - LOCAL SUBJECT ADDED ENTRY--TOPICAL TERM (OCLC, RLIN)
Topical term or geographic name as entry element Building regulations
9 (RLIN) 6224
700 1# - ADDED ENTRY--PERSONAL NAME
Personal name Baker, Dave
942 ## - ADDED ENTRY ELEMENTS (KOHA)
Suppress in OPAC 0
Holdings
Withdrawn status Lost status Source of classification or shelving scheme Damaged status Not for loan Home library Current library Shelving location Date acquired Total Checkouts Full call number Barcode Date last seen Copy number Price effective from Koha item type
    Dewey Decimal Classification     London London RICS Boxes 16/12/2005   F692.2 SMI 30071820 06/08/2019 1 06/08/2019 Book